Το απολιθωμένο δάσος της Λέσβου : επιστημονική εξήγηση-προτάσεις για αξιοποίηση
Αποθηκεύτηκε σε:
| Κύριος συγγραφέας: | |
|---|---|
| Μορφή: | Βιβλίο |
| Γλώσσα: | Greek |
| Δημοσίευση: |
Μυτιλήνη :
1979
|
| Θέματα: | |
| Ετικέτες: |
Προσθήκη ετικέτας
Δεν υπάρχουν, Καταχωρήστε ετικέτα πρώτοι!
|
MARC
| LEADER | 00000nam a2200000 i 4500 | ||
|---|---|---|---|
| 001 | 1/6820 | ||
| 008 | 960716s1979 gre d | ||
| 035 | |l 10016489 | ||
| 040 | |a GR-MY-UA |b gre |e aacr | ||
| 041 | 0 | |a gre | |
| 082 | 0 | |a 561.21499 | |
| 100 | 1 | |a Χουτζαίος, Γεώργιος Μ. | |
| 245 | 1 | 3 | |a Το απολιθωμένο δάσος της Λέσβου : |b επιστημονική εξήγηση-προτάσεις για αξιοποίηση / |c Γεωργίου Μ. Χουτζαίου |
| 260 | |a Μυτιλήνη : |c 1979 | ||
| 300 | |a 195 σ. |b εικ. ; χαρτ. | ||
| 504 | |a Περιέχει βιβλιογραφία και ευρετήριο | ||
| 650 | 0 | 0 | |a Petrified forests |z Greece |z Lesbos (Municipality) |
| 852 | |a INST |b LESVOS |e 19960716 |h 561.21499 ΧΟΥ |p 005100009525 |q 005100009525 |t BK |y 0 | ||
| 852 | |a INST |b LESVOS |e 19960716 |h 561.21499 ΧΟΥ |p 005100009526 |q 005100009526 |t BK |y 0 | ||
| 852 | |a INST |b LESVOS |e 19960716 |h 561.21499 ΧΟΥ |p 005100009527 |q 005100009527 |t BK |y 0 | ||
| 852 | |a INST |b LESVOS |e 19960716 |h 561.21499 ΧΟΥ |p 005100009566 |q 005100009566 |t BK |y 0 | ||
| 909 | |a Λ |b 046566 | ||
| 922 | |a 1ΔΩΡ |b 199607 |c ΧΟΥΤΖΑΙΟΣ | ||